|
|
|
|
| LEADER |
01135nam a2200265 a 4500 |
| 001 |
11915134 |
| 008 |
100203s2001 caua 001 0 eng d |
| 010 |
|
|
|a 00023893
|
| 020 |
|
|
|a 981240080X
|
| 020 |
|
|
|a 0534376681
|
| 040 |
|
|
|a DLC
|c DLC
|d DB-DhAAL
|
| 082 |
0 |
0 |
|a 005.13/3
|2 21
|
| 100 |
1 |
|
|a Drozdek, Adam.
|
| 245 |
1 |
0 |
|a Data structures and algorithms in Java /
|c Adam Drozdek.
|
| 260 |
|
|
|a Pacific Grove, CA :
|b Brooks/Cole Pub. ;
|a New Delhi :
|b Vikas Pub. House,
|c c2001.
|
| 300 |
|
|
|a xvii, 622 p. :
|b ill. ;
|c 25 cm.
|
| 541 |
1 |
|
|e 00017890
|
| 650 |
|
0 |
|a Java (Computer program language)
|
| 650 |
|
0 |
|a Data structures (Computer science)
|
| 650 |
|
0 |
|a Computer algorithms.
|
| 852 |
4 |
|
|a Ayesha Abed Library
|j General Shelf.
|
| 942 |
0 |
0 |
|0 3
|
| 999 |
|
|
|c 7308
|d 7308
|
| 952 |
|
|
|0 0
|1 0
|2 ddc
|4 0
|6 005_133000000000000_DRO_2001
|7 0
|9 7730
|a BRACUL
|b BRACUL
|c GEN
|d 2010-02-03
|l 41
|m 368
|o 005.133 DRO
|p 3010017890
|q 2026-06-02
|r 2025-12-27
|s 2025-12-27
|t 1
|w 2010-02-03
|y BK
|
| 952 |
|
|
|0 0
|1 0
|2 ddc
|4 0
|6 005_133000000000000_DRO_2001
|7 0
|9 14835
|a BRACUL
|b BRACUL
|c GEN
|d 2011-03-21
|l 30
|m 316
|o 005.133 DRO
|p 3010017889
|q 2026-06-02
|r 2026-01-18
|s 2026-01-18
|t 2
|w 2011-03-21
|y BK
|